000 00389pab a2200157 454500
008 180718b2011 xxu||||| |||| 00| 0 eng d
100 _aSanthi, V.
245 _aSpecial economic zone-an overview
260 _c2011
300 _ap.82-84.
362 _aJul-Dec
650 _aEconomic zones
773 _aSouth Asian Journal of Socio- Political Studies
908 _aN
909 _a94330
999 _c94330
_d94330